000 00472nam a2200181Ia 4500
005 20250923144503.0
008 008 250917s9999 xx 000 0 eng d
037 _aTextual
040 _aDSWL
_beng
_cDSWL
041 _aeng
_2eng
084 _qDSWL
100 _aJoshi, Manorma
_9825402
245 0 _aSocio-economic life of a village in Kumon
_cby Manorma Joshi
260 _c1954
300 _av,82p.
942 _cTEXL
999 _c1439510
_d1439510